| 000 | 01217cam a2200313 a 4500 | ||
|---|---|---|---|
| 001 | 4395605 | ||
| 003 | NUST - PNEC | ||
| 005 | 20170116180848.0 | ||
| 008 | 920506s1993 dcua b 001 0 eng | ||
| 010 | _a 92018703 | ||
| 020 | _a1560321113 | ||
| 040 |
_aDLC _cLIBRARY _dDLC |
||
| 041 | 1 |
_aeng _hrus |
|
| 050 | 0 | 0 |
_aQD281.R35 _bF7413 1993 |
| 082 | 0 | 0 | _a547.2 FRE |
| 100 | 1 |
_aFrenkel, M.L. _q(Mikhail Lʹvovich) _95577 |
|
| 245 | 1 | 0 |
_aThermodynamic properties of isomerization reactions / _cM.L. Frenkel, G.Ya. Kabo, G.N. Roganov ; translated by P. Rappoport. |
| 260 |
_aWashington : _bHemisphere Pub. Corp. ; _aBristol, PA : _bTaylor & Francis [distributor], _cc1993. |
||
| 300 |
_aviii, 229 p. : _bill. ; _c24 cm. |
||
| 504 | _aIncludes bibliographical references (p. 211-225) and index. | ||
| 650 | 0 |
_aIsomerization. _xME |
|
| 650 | 0 |
_aThermodynamics _xTables. |
|
| 650 | 0 |
_aOrganic compounds _xTables. |
|
| 700 | 1 |
_aKabo, G. I︠A︡ _q(Gennadiĭ I︠A︡kovlevich) |
|
| 700 | 1 | _aRoganov, G. N. | |
| 906 |
_a7 _bcbc _corignew _d1 _eocip _f19 _gy-gencatlg |
||
| 942 |
_2ddc _cBK |
||
| 999 |
_c64540 _d64540 |
||